Innovation for New Resources Development

Táto kapitola je venovaná problematike inovatívnych zdrojov, ktoré by mohli v budúcnosti výrazne prispieť k zníženiu využívania prírodných zdrojov a kritických surovín.

Na minha lista:
Detalhes bibliográficos
Autor principal: Majerník, Milan, 1952-
Outros Autores: Bednárová, Lucia, Malindžáková, Marcela, Drábik, Peter, 1981-, Naščáková, Jana
Formato: Capítulo de Livro
Idioma:inglês
Assuntos:
Tags: Adicionar Tag
Sem tags, seja o primeiro a adicionar uma tag!

MARC

LEADER 00000naa$a2200000$$$4500
001 0280578
005 20240502083855.5
041 0 |a eng 
044 |a NL 
245 1 0 |a Innovation for New Resources Development  |c Milan Majerník, Lucia Bednárová, Marcela Malindžáková, Peter Drábik, Jana Naščáková 
520 |a Táto kapitola je venovaná problematike inovatívnych zdrojov, ktoré by mohli v budúcnosti výrazne prispieť k zníženiu využívania prírodných zdrojov a kritických surovín. 
610 2 0 |a inovácia 
610 2 0 |a zdroje prírodné 
610 2 0 |a zdroje energie obnoviteľné 
610 2 0 |a biopalivá 
610 2 0 |a biopriemysel 
100 1 |a Majerník, Milan, 1952- 
700 1 |a Bednárová, Lucia 
700 1 |a Malindžáková, Marcela 
700 1 |a Drábik, Peter, 1981- 
700 1 |a Naščáková, Jana